ბათუმის შოთა რუსთაველის სახელმწიფო უნივერსიტეტის ბიბლიოთეკა

Коррупция как механизм социальной деградации (ბიბ.ჩანაწერი № 36029)

000 -LEADER
fixed length control field 00681nam a2200217Ia 4500
001 - CONTROL NUMBER
control field 1928
003 - CONTROL NUMBER IDENTIFIER
control field GE_BSU
008 - FIXED-LENGTH DATA ELEMENTS--GENERAL INFORMATION
fixed length control field 181216s||||||||xx |||||||||||||| ||und||
020 ## - INTERNATIONAL STANDARD BOOK NUMBER
International Standard Book Number 5942013896
040 ## - CATALOGING SOURCE
Transcribing agency GE_BSU
080 ## - UNIVERSAL DECIMAL CLASSIFICATION NUMBER
Universal Decimal Classification number 347.7
100 ## - MAIN ENTRY--PERSONAL NAME
Personal name Голик,Ю.В;Карасев,В.И;
245 ## - TITLE STATEMENT
Title Коррупция как механизм социальной деградации
260 ## - PUBLICATION, DISTRIBUTION, ETC.
Place of publication, distribution, etc. СПБ
260 ## - PUBLICATION, DISTRIBUTION, ETC.
Name of publisher, distributor, etc. Р. Асланова ,,Юридический центр Прес",
260 ## - PUBLICATION, DISTRIBUTION, ETC.
Date of publication, distribution, etc. 2005
300 ## - PHYSICAL DESCRIPTION
Extent 329 с. 20 см.
653 ## - INDEX TERM--UNCONTROLLED
Uncontrolled term Коррупция как механизм социальной деградации
942 ## - ADDED ENTRY ELEMENTS (KOHA)
Koha item type წიგნი
ეგზემპლარები
Withdrawn status Lost status Damaged status Not for loan Date acquired Barcode Date last seen Price effective from Koha item type
        2018-12-17 3929 2018-12-17 2018-12-17 წიგნი